UK Landlord (Record no. 118792)

MARC details
000 -LEADER
fixed length control field 00643cas a22002055a 4500
001 - CONTROL NUMBER
control field L128803
008 - FIXED-LENGTH DATA ELEMENTS--GENERAL INFORMATION
fixed length control field 050214c2004 xxkbr p 0 a0eng u
022 1# - INTERNATIONAL STANDARD SERIAL NUMBER
International Standard Serial Number 1741-8801
035 ## - SYSTEM CONTROL NUMBER
System control number (Sirsi) u128803
041 0# - LANGUAGE CODE
Language code of text/sound track or separate title eng
110 2# - MAIN ENTRY--CORPORATE NAME
Corporate name or jurisdiction name as entry element National Landlords Association
9 (RLIN) 5246
245 00 - TITLE STATEMENT
Title UK Landlord
Remainder of title The Journal of the National Landlords Association
260 ## - PUBLICATION, DISTRIBUTION, ETC.
Place of publication, distribution, etc. London
Name of publisher, distributor, etc. National Landlords Association
Date of publication, distribution, etc. 2004-
362 0# - DATES OF PUBLICATION AND/OR SEQUENTIAL DESIGNATION
Dates of publication and/or sequential designation (113) November 2004-
520 ## - SUMMARY, ETC.
Summary, etc. Kept for one year
651 #4 - SUBJECT ADDED ENTRY--GEOGRAPHIC NAME
Geographic name United Kingdom
690 ## - LOCAL SUBJECT ADDED ENTRY--TOPICAL TERM (OCLC, RLIN)
Topical term or geographic name as entry element Landlord and tenant
9 (RLIN) 6252
780 00 - PRECEDING ENTRY
Title Newsletter
Edition National Landlords Assocation
International Standard Serial Number ISSN 1747-4582
942 ## - ADDED ENTRY ELEMENTS (KOHA)
Suppress in OPAC 0
Source of classification or shelving scheme Dewey Decimal Classification
Holdings
Withdrawn status Lost status Source of classification or shelving scheme Damaged status Not for loan Home library Current library Shelving location Date acquired Total Checkouts Full call number Barcode Date last seen Price effective from Koha item type
    Dewey Decimal Classification     London London Gallery 29/06/2007   UK LANDLORD 128803-1001 06/08/2019 06/08/2019 Journal